Basketball Deutscher WM-Kader 2023 - Statistiken

Allgemein
  • Dieses Quiz wurde 522 mal gespielt
  • Das Durchschnittsergebnis liegt bei 10 aus 13
Antwortstatistiken
Position Team Antwort % Korrekt
Guard Toronto Raptors (Kanada) Dennis Schröder
99%
Forward Orlando Magic (USA) Franz Wagner
98%
Bigs Orlando Magic (USA) Moritz Wagner
98%
Guard FC Bayern München Andreas Obst
91%
Bigs Indiana Pacers (USA) Daniel Theis
85%
Guard FC Bayern München Isaac Bonga
77%
Guard Olimpia Milano (Italien) Maodo Lô
74%
Coach Gordon Herbert
72%
Bigs Alba Berlin Johannes Thiemann
67%
Bigs Olimpia Milano (Italien) Johannes Voigtmann
65%
Forward FC Bayern München Niels Giffey
46%
Guard Olimpija Ljubljana (Slowenien) Justus Hollatz
41%
Guard Fundacion CB Gran Canaria (Spanien David Krämer
40%
Keine übereinstimmenden Quizze gefunden
Verteilung der Resultate
Anzahl Personen mit jedem Resultat
Perzentil nach korrekt beantworteten Fragen
Ihre Resultats-Entwicklung
Sie haben dieses Quiz noch nicht gespielt